| 000 | 01000naa a22002897a 4500 | ||
|---|---|---|---|
| 001 | BR7503459 | ||
| 003 | BR-BrBNA | ||
| 005 | 20240918173754.0 | ||
| 007 | ta | ||
| 008 | 230509b bl.||||| |||| 00| 0 por d | ||
| 040 |
_aBR-BrBNA _bpor _cBiblioteca Nacional de Agricultura |
||
| 041 | _a(Pt) | ||
| 072 |
_aE70 _b9704 _b5300 _bG514 |
||
| 090 | _aE70 BR7503459 | ||
| 100 | 1 | _aCarpenedo, P. (ed.) | |
| 111 | 1 |
_a6. Seminario Nacional do Porco Carne _cPorto Alegre, RS (Brazil) _d23 Jul 1975 |
|
| 245 | 1 | _aMercado de carnes e derivados de suinos [Brasil] | |
| 260 | 3 |
_aPorto Alegre, RS (Brasil): _c1975. |
|
| 500 | _aAnais do 6. Seminario Nacional do Porco Carne Porto Alegre, RS (Brasil): 1975. p. 71-74 (BR7503459-AM)E70 | ||
| 650 | _aMERCADO | ||
| 650 | _aABATE | ||
| 650 | _aCARCACA | ||
| 650 | _aSUINO | ||
| 773 | 0 |
_tAnais do 6. Seminario Nacional do Porco Carne _wE70 BR7503459 _gPorto Alegre, RS (Brasil), 1975. p. 71-74 |
|
| 909 |
_a202404 _bLucia _c55 _dLucia Elande |
||
| 942 |
_cAM _2AGRIS |
||
| 999 |
_c306776 _d306776 |
||